Estadísticas para Reyes de Francia

Haz click aquí para intentar la prueba.

Estadísticas generales

  • Esta prueba ha sido intentada 1.520 veces
    (1.513 desde el último reinicio)
  • La puntuación promedio es 10 de 23

Estadísticas de respuestas

Nombre% Correcto
Luis
96%
Luis (Ludovico)
92%
Carlos
91%
Napoleón
84%
Felipe
75%
Juan
70%
Enrique
59%
Francisco
59%
Hugo Capeto
35%
Luis-Felipe
35%
Pipino
34%
Roberto
34%
Clodoveo
29%
Carlomán
27%
Lotario
20%
Dagoberto
19%
Raúl
19%
Childerico
18%
Odón
18%
Clotario
17%
Teodorico
17%
Chilperico
16%
Childeberto
14%

Distribución de puntuación

Porcentaje por número respondido

Porcentaje de gente con cada puntuación

Historial de tus puntuaciones

No has intentado esta prueba desde el último reinicio